000 00687nam a22002177a 4500
003 OSt
005 20250702060206.0
008 250702b |||||||| |||| 00| 0 eng d
020 _a9789814314343
040 _aDWCL - Main lib
_cOC
082 _aCirc. 657.45 G745a 2011
100 _aGramling, Audrey A.
245 _aAuditing :
_ba business risk approach/
_cAudrey A. Gramling
260 _aPasig City :
_bCengage Learning Asia Pte Ltd,
_cc2011.
300 _a1102 pages :
_b illustrations ;
_c23cm.
504 _aIncludes index
650 _a1. Auditing
700 _aLarry E. Rittenberg
700 _aKarla M. Johnstone
942 _2ddc
_cBK-CIRC
_ePhilippine edition
_kCirc.
_n0
999 _c3346
_d3346